LEADER 01229nam a2200265 a 4500 001 000000163573 003 CaOOAMICUS 005 20171023114842.0 008 171023s1998 it ca m u000 u ita r 032 $aLibriCat 040 $aPUL$bita 100 1 $aSenko, Eugeniusz.$0(OLS)http://pul/name/70235 245 10$aAmministrazione apostolica della Lemkowszczyzna (1934-1947) /$cauctore Eugeniusz Senko, S.J. 260 $aRomae :$b[s.n.],$c1998. 300 $a124 p. :$bill., ritr. ;$c24 cm. 502 $aEstratto da tesi. Pontificium Institutum Orientale. Facultas Scientiarum Ecclesiasticarum Orientalium. 1998. 504 $aBibliografia in nota a pič pagina. 651 4$aPolonia$xStoria ecclesiastica$ySec. XX.$0(OLS)http://pul/subject/10733 710 2 $aPontificio Istituto Orientale.$kTesi.$0(OLS)http://pul/name/104919 850 $aPUL 852 $aPUL$W1$xDP1 Tesi Pon. Ist. Orientale$y39$mTH ORIE 206$j187734$qTesi$B190815$CPULBib$Z2$F190815 $H79135 $82 941 1 $a16 996 $6245$aAmministrazione apostolica della Lemkowszczyzna (1934-1947)$9(OLS)http://pul/title/203281 996 $6260$aRomae :$b[s.n.]$9(OLS)http://pul/publisher/48223 LEADER 01311nam a2200301 u 4500 001 000000045777 003 CaOOAMICUS 005 20070226114711.0 008 990615s1995 it u000 u ita u 020 $a8821531031 035 $a10826869 040 $aPUL(R)$bita 100 1 $aMarcel, Gabriel,$d1889-1973.$0(OLS)http://pul/name/5604 245 10$aChiesa, Vangelo e societā :$bnatura e metodo della dottrina sociale della Chiesa /$cMauro Cozzoli. 260 $aCinisello Balsamo :$bSan Paolo,$cc1996. 300 $a148 p. ;$c21 cm 490 1 $aSaggi teologici ;$v18 504 $aBibliografia in nota. 650 4$aDottrina sociale della Chiesa.$0(OLS)http://pul/subject/33229 830 0$aSaggi teologici (Edizioni Paoline) ;$v18.$0(OLS)http://pul/title/7388 850 $aPUL 852 $aPUL$W1$xDP1 Cons. Gen., Altre Classi 1$y22$m43 H 63$j61458$nBK-PRI$b $qStampati$B61458$CPULBib$Z2$F61458 $H $81 941 1 $a8 960 $aDottrina sociale cristiana$933229 961 $aINV: 74594 996 $6020$a8821531031$9(OLS)http://pul/number/57092 996 $6245$aChiesa, Vangelo e societā :$bnatura e metodo della dottrina sociale della Chiesa$9(OLS)http://pul/title/61738 996 $6260$aCinisello Balsamo :$bSan Paolo$9(OLS)http://pul/publisher/54577